000
00294nam a2200109Ia 4500
008
200302s9999 xx 000 0 und d
100
_a
Norman E. Hickin
245
_a
The Conservation of Building Timbers
260
_b
The Rentokil Library Hutchinson & Co. Ltd.
260
_c
1967
300
_a
144 P.,
999
_c
286
_d
286